<?xml version="1.0" encoding="UTF-8"?><?xml-stylesheet type="text/xsl" href="static/style.xsl"?><OAI-PMH xmlns="http://www.openarchives.org/OAI/2.0/" xmlns:xsi="http://www.w3.org/2001/XMLSchema-instance" xsi:schemaLocation="http://www.openarchives.org/OAI/2.0/ http://www.openarchives.org/OAI/2.0/OAI-PMH.xsd"><responseDate>2026-04-13T07:09:02Z</responseDate><request verb="GetRecord" identifier="oai:www.recercat.cat:2117/106234" metadataPrefix="marc">https://recercat.cat/oai/request</request><GetRecord><record><header><identifier>oai:recercat.cat:2117/106234</identifier><datestamp>2025-07-22T23:24:31Z</datestamp><setSpec>com_2072_1033</setSpec><setSpec>col_2072_452951</setSpec></header><metadata><record xmlns="http://www.loc.gov/MARC21/slim" xmlns:dcterms="http://purl.org/dc/terms/" xmlns:xsi="http://www.w3.org/2001/XMLSchema-instance" xmlns:doc="http://www.lyncode.com/xoai" xsi:schemaLocation="http://www.loc.gov/MARC21/slim http://www.loc.gov/standards/marcxml/schema/MARC21slim.xsd">
   <leader>00925njm 22002777a 4500</leader>
   <datafield ind2=" " ind1=" " tag="042">
      <subfield code="a">dc</subfield>
   </datafield>
   <datafield ind2=" " ind1=" " tag="720">
      <subfield code="a">Ferrer Betorz, Marc</subfield>
      <subfield code="e">author</subfield>
   </datafield>
   <datafield ind2=" " ind1=" " tag="260">
      <subfield code="c">2017-04</subfield>
   </datafield>
   <datafield ind2=" " ind1=" " tag="520">
      <subfield code="a">Aquest estudi té per objectiu fer un anàlisi exhaustiu de les maniobres més habituals realitzades per grans iots al port de Vilanova i la Geltrú per tal de poder demostrar posteriorment la seva viabilitat amb diferents condicions donades pels factors meteorològics externs. Es pretén buscar, doncs, els límits meteorològics i operatius en la maniobra a port. Per poder-ho dur a terme s’han utilitzat documents i informació cedits per “Vilanova Grand Marina” que han permès elaborar una descripció detallada de les instal·lacions portuàries i els serveis oferts per la marina. També s’ha comptat amb la col·laboració del Capità de Port, que m’ha permès conèixer les instal·lacions a través de converses i visites a la marina. A més, per a la realització de la part pràctica de l’estudi s’ha utilitzat el simulador de navegació de la Facultat Nàutica de Barcelona (Transas NTPro 5000 v 5.35). La següent tesi exposa quines són les característiques dels iots i els factors que influeixen en la maniobra a port per tal de comprovar-ne els efectes utilitzant el simulador de navegació amb un model de vaixell similar. Finalment, s’estableixen uns límits meteorològics concrets en les maniobres simulades que es podran utilitzar com a indicadors en les que es realitzin de forma real en endavant.&#xd;
&#xd;
Main target of this study is to make a thorough analysis of the most common manoeuvres large yachts perform  in  the  harbour  of  Vilanova  i  la  Geltrú  in  order  to  confirm  its feasibility  with  different  weather conditions. The aim is seeking for operational and meteorological boundaries to manoeuvre safely in the port.&#xd;
To do so, I have been working on documents and information supplied by Vilanova Grand Marina which permitted to develop a detailed description of the port facilities and services provided by the company. I also had a great support from the Harbour Master, who fully open his facilities to me, with visits to the marina and deep explanations about their functionality . For the practice part of the study I worked with &#xd;
the navigation simulator (Transas NTPRO 5000 v 5.35) at Barcelona Nautical College. The  following  thesis  analyses  main  yacht  characteristics  and  those  intern  and  extern  factors  that  will impact  in  the  yacht  manoeuvre  at  harbour  for  checking,  later  on,  course  effects  using  the  navigation simulator  with  a  similar  vessel  model.  Finally,  this  project  will  define  specific  meteorological  limits,  in &#xd;
simulated manoeuvres, which will be used as indicators to be considered in a real situation.</subfield>
   </datafield>
   <datafield tag="653" ind2=" " ind1=" ">
      <subfield code="a">Àrees temàtiques de la UPC::Nàutica::Infraestructures portuàries</subfield>
   </datafield>
   <datafield tag="653" ind2=" " ind1=" ">
      <subfield code="a">Àrees temàtiques de la UPC::Nàutica::Navegació marítima::Maniobra i estiba</subfield>
   </datafield>
   <datafield tag="653" ind2=" " ind1=" ">
      <subfield code="a">Yachts</subfield>
   </datafield>
   <datafield tag="653" ind2=" " ind1=" ">
      <subfield code="a">Maniobra</subfield>
   </datafield>
   <datafield tag="653" ind2=" " ind1=" ">
      <subfield code="a">Iots</subfield>
   </datafield>
   <datafield tag="653" ind2=" " ind1=" ">
      <subfield code="a">Vilanova</subfield>
   </datafield>
   <datafield tag="653" ind2=" " ind1=" ">
      <subfield code="a">Iots -- Maniobra</subfield>
   </datafield>
   <datafield tag="653" ind2=" " ind1=" ">
      <subfield code="a">Navegació</subfield>
   </datafield>
   <datafield tag="653" ind2=" " ind1=" ">
      <subfield code="a">Vilanova i la Geltrú, Port de (Catalunya)</subfield>
   </datafield>
   <datafield ind2="0" ind1="0" tag="245">
      <subfield code="a">Estudi de maniobres de megaiots al Port de Vilanova i la Geltrú</subfield>
   </datafield>
</record></metadata></record></GetRecord></OAI-PMH>